Positive column dynamics of a low-current atmospheric pressure discharge in flowing argon; Plasma Sources Science and Technology; Vol. 31, iss. 1

Библиографические подробности
Источник:Plasma Sources Science and Technology
Vol. 31, iss. 1.— 2022.— [015009, 11 p.]
Автор-организация: Национальный исследовательский Томский политехнический университет Инженерная школа энергетики Отделение электроэнергетики и электротехники
Другие авторы: Savkin K. P. Konstantin Petrovich, Oks E. M. Efim Mikhaylovich, Sorokin D. A. Dmitry Alekseevich, Yushkov A. Yu. Anatoly Yurievich, Yushkov G. Yu. Georgy Yurjevich, Sintsov S. V. Sergey, Vodopyanov A. V. Alexander
Примечания:Title screen
We present the results of studies of a cold-plasma atmospheric pressure discharge in argon flow, in both DC and pulse-periodic modes. The burning voltage and the discharge current were 200 V and 15 mA in continuous mode; in pulse-periodic mode the voltage was 220 V and the current 15 mA for a pulse repetition rate of 100 kHz. Special attention was given to the positive column dynamics during the discharge stages of initiation, burning, and extinction. The main method of investigation employed optical diagnostics of the plasma in the visible range with high time resolution. The positive discharge column is shown to be a constricted current channel in the form of an elongated loop. In continuous mode, the length of the positive column, from anode attachment to inflection point outside the discharge system, is several millimeters. In pulsed mode, the positive column is an unsteady plasma formation, the length of which increases at about 4 m s-1, and reaches the same dimension over a time of order 1 ms. We find that the positive column plasma includes hydroxyl molecules OH, nitrogen N2, and atomic oxygen O I, along with atoms of the working gas argon. Observation of the time evolution of the optical emission from the plasma-forming gas shows that the plasma glow of the positive column is mainly determined by argon Ar I radiation, with maximum intensity at the trailing edge of the current pulse.
Режим доступа: по договору с организацией-держателем ресурса
Язык:английский
Опубликовано: 2022
Предметы:
Online-ссылка:https://doi.org/10.1088/1361-6595/ac309a
Формат: MixedMaterials Электронный ресурс Статья
Запись в KOHA:https://koha.lib.tpu.ru/cgi-bin/koha/opac-detail.pl?biblionumber=667861

MARC

LEADER 00000naa0a2200000 4500
001 667861
005 20250402113910.0
035 |a (RuTPU)RU\TPU\network\39072 
035 |a RU\TPU\network\24478 
090 |a 667861 
100 |a 20220506d2022 k||y0rusy50 ba 
101 0 |a eng 
102 |a GB 
135 |a drcn ---uucaa 
181 0 |a i  
182 0 |a b 
200 1 |a Positive column dynamics of a low-current atmospheric pressure discharge in flowing argon  |f K. P. Savkin, E. M. Oks, D. A. Sorokin [et al.] 
203 |a Text  |c electronic 
300 |a Title screen 
320 |a [References: 66 tit.] 
330 |a We present the results of studies of a cold-plasma atmospheric pressure discharge in argon flow, in both DC and pulse-periodic modes. The burning voltage and the discharge current were 200 V and 15 mA in continuous mode; in pulse-periodic mode the voltage was 220 V and the current 15 mA for a pulse repetition rate of 100 kHz. Special attention was given to the positive column dynamics during the discharge stages of initiation, burning, and extinction. The main method of investigation employed optical diagnostics of the plasma in the visible range with high time resolution. The positive discharge column is shown to be a constricted current channel in the form of an elongated loop. In continuous mode, the length of the positive column, from anode attachment to inflection point outside the discharge system, is several millimeters. In pulsed mode, the positive column is an unsteady plasma formation, the length of which increases at about 4 m s-1, and reaches the same dimension over a time of order 1 ms. We find that the positive column plasma includes hydroxyl molecules OH, nitrogen N2, and atomic oxygen O I, along with atoms of the working gas argon. Observation of the time evolution of the optical emission from the plasma-forming gas shows that the plasma glow of the positive column is mainly determined by argon Ar I radiation, with maximum intensity at the trailing edge of the current pulse. 
333 |a Режим доступа: по договору с организацией-держателем ресурса 
461 |t Plasma Sources Science and Technology 
463 |t Vol. 31, iss. 1  |v [015009, 11 p.]  |d 2022 
610 1 |a электронный ресурс 
610 1 |a труды учёных ТПУ 
701 1 |a Savkin  |b K. P.  |g Konstantin Petrovich 
701 1 |a Oks  |b E. M.  |g Efim Mikhaylovich 
701 1 |a Sorokin  |b D. A.  |g Dmitry Alekseevich 
701 1 |a Yushkov  |b A. Yu.  |c specialist in the field of electricity  |c associate Professor of Tomsk Polytechnic University, candidate of technical Sciences  |f 1975-  |g Anatoly Yurievich  |3 (RuTPU)RU\TPU\pers\35549 
701 1 |a Yushkov  |b G. Yu.  |g Georgy Yurjevich 
701 1 |a Sintsov  |b S. V.  |g Sergey 
701 1 |a Vodopyanov  |b A. V.  |g Alexander 
712 0 2 |a Национальный исследовательский Томский политехнический университет  |b Инженерная школа энергетики  |b Отделение электроэнергетики и электротехники  |3 (RuTPU)RU\TPU\col\23505 
801 0 |a RU  |b 63413507  |c 20220506  |g RCR 
856 4 |u https://doi.org/10.1088/1361-6595/ac309a 
942 |c CF